000 00627nam a2200229Ia 4500
003 OSt
005 20221005133808.0
006 a|||||r|||| 00| 0
007 ta
008 221004b |||||||| |||| 00| 0 pan d
024 _a63361
037 _cTextual
040 _aCRL
_cCRL
_bpan
041 _2pan
_apan
082 _aO153,3:g, J4
100 _aਸਿੰਘ, ਗੁਰਚਰਨ
245 0 _aਪੰਜਾਬੀ ਗਲਪਕਾਰ
260 _c1954
650 _aਪੰਜਾਬੀ ਸਾਹਿਤ
942 _hO153,3:g, J4
_cTEXL
_2cc
999 _c1067904
_d1067904